000 00429nam a2200181Ia 4500
001 9220
005 20260306160707.0
008 260306t1975||||xx |||||||||||||| ||spa||
041 _aESP
082 _a376.5
_bG91
100 _aMinisterio de Educación y Ciencia
_eAUT
245 0 _aGuía del universitario
260 _c1975
300 _a238 páginas :
_ccm.
650 _aGEN
654 _aCED
942 _cLIB
_dJUS
_fJUS
_2ddc
_n
999 _c9220
_d9220